Crafting and executing strategy : the quest for competitive advantage concepts and cases (Record no. 18249)
[ view plain ]
| 000 -LEADER | |
|---|---|
| fixed length control field | 00678nam a2200217Ia 4500 |
| 008 - FIXED-LENGTH DATA ELEMENTS--GENERAL INFORMATION | |
| fixed length control field | 220501s2020 xx 000 0 eng d |
| 020 ## - INTERNATIONAL STANDARD BOOK NUMBER | |
| International Standard Book Number | 9789354600043 |
| 082 ## - DEWEY DECIMAL CLASSIFICATION NUMBER | |
| Classification number | 658.4012 THO-C |
| 100 ## - MAIN ENTRY--PERSONAL NAME | |
| Personal name | Thompson, Arthur A. |
| 245 #0 - TITLE STATEMENT | |
| Title | Crafting and executing strategy : the quest for competitive advantage concepts and cases |
| Statement of responsibility, etc | Arthur A. Thompson...[et al.] |
| 250 ## - EDITION STATEMENT | |
| Edition statement | 22nd |
| 260 ## - PUBLICATION, DISTRIBUTION, ETC. (IMPRINT) | |
| Place of publication, distribution, etc | Chennai |
| Name of publisher, distributor, etc | McGraw Hill |
| Date of publication, distribution, etc | 2020 |
| 300 ## - PHYSICAL DESCRIPTION | |
| Extent / Pages | xlvi, vp. |
| 650 ## - SUBJECT ADDED ENTRY--TOPICAL TERM | |
| Topical term or geographic name as entry element | Business planning |
| 650 ## - SUBJECT ADDED ENTRY--TOPICAL TERM | |
| Topical term or geographic name as entry element | Strategic planning |
| 650 ## - SUBJECT ADDED ENTRY--TOPICAL TERM | |
| Topical term or geographic name as entry element | Strategic planning - Case studies |
| 700 ## - ADDED ENTRY--PERSONAL NAME | |
| Personal name | Gamble, John E. |
| 700 ## - ADDED ENTRY--PERSONAL NAME | |
| Personal name | Peteraf, Margaret A. |
| 700 ## - ADDED ENTRY--PERSONAL NAME | |
| Personal name | Strickland, A. J. |
| 942 ## - ADDED ENTRY ELEMENTS (KOHA) | |
| Source of classification or shelving scheme | |
| Koha item type | Reference Books |
| Withdrawn status | Lost status | Source of classification or shelving scheme | Damaged status | Not for loan | Home library | Current library | Date acquired | Source of acquisition | Full call number | Barcode | Date last seen | Copy number | Bill Date | Koha item type | Bill Number |
|---|---|---|---|---|---|---|---|---|---|---|---|---|---|---|---|
| SOBD Library | SOBD Library | 31/05/2022 | Vedi Books | 658.4012 THO-C1 | 001746 | 01/07/2022 | 1 | 18/04/2022 | Reference Books | VEDI/22-23/04/20 | |||||
| SOBD Library | SOBD Library | 31/05/2022 | Vedi Books | 658.4012 THO-C2 | 001747 | 01/07/2022 | 2 | 18/04/2022 | Books | VEDI/22-23/04/20 | |||||
| SOBD Library | SOBD Library | 31/05/2022 | Vedi Books | 658.4012 THO-C3 | 001748 | 01/07/2022 | 3 | 18/04/2022 | Books | VEDI/22-23/04/20 | |||||
| SOBD Library | SOBD Library | 31/05/2022 | Vedi Books | 658.4012 THO-C4 | 001749 | 01/07/2022 | 4 | 18/04/2022 | Books | VEDI/22-23/04/20 | |||||
| SOBD Library | SOBD Library | 31/05/2022 | Vedi Books | 658.4012 THO-C5 | 001750 | 01/07/2022 | 5 | 18/04/2022 | Books | VEDI/22-23/04/20 |